Statistics for 10 Biggest countries of America by area - Map Quiz.

Click here to take the quiz!

General Stats

  • This quiz has been taken 67 times
  • The average score is 10 of 10

Answers on the Map

Answers color-coded by a green-red scale on the quiz's map according to % correct below.
 

Answer Stats

Answer% Correct
Argentina
100%
Brazil
100%
Canada
100%
Chile
100%
Mexico
100%
United-States
100%
Peru
96%
Bolivia
95%
Venezuela
95%
Colombia
89%

Score Distribution

Percentile by Number Answered

Percent of People with Each Score

Your Score History

You have not taken this quiz